000 00737aas a2200205 4500
999 _c49859
_d49859
001 768714001
003 CO-MdFUSB
005 20171018125245.0
008 170901s1999 xxu||||| |||| 00| 0 eng d
022 _a0277-9935
040 _aCO-MdFUSB
_bspa
_cCO-MdFUSB
_dCO-MdFUSB
041 _aeng
100 1 _aJones, Karen
_eautor
242 _aRefinar la imagen:
_buna perspectiva vocacional en el ministerio juvenil
245 1 0 _aRefining the image :
_ba vocational perspective on youth ministry
_c/ Jones, Karen
300 _aVolumen 3. Número 2 (1999), páginas 9-16
_c: 23 cm.
546 _aTexto en inglés
773 0 _tChristian education journal
_049475
_960884
_gVolumen 3. Número 2 (1999), páginas 9-16
_qPágina 9
942 _cANA